书目信息 |
| 题名: |
超大规模集成电路工艺技术
|
|
| 作者: | 西泽润一 编 ;韩伟清 , 秦勋 译 | |
| 分册: | ||
| 出版信息: | 北京 国防工业出版社 1983 |
|
| 页数: | 372页 | |
| 开本: | 25cm | |
| 丛书名: | ||
| 单 册: | ||
| 中图分类: | TN47 | |
| 科图分类: | ||
| 主题词: | 超大规模集成电路--技术 | |
| 电子资源: | ||
| ISBN: | ||
| 000 | 00772nam0 2200253 45 | |
| 001 | 0183000620 | |
| 005 | 20060104090007.42 | |
| 010 | @dCNY2.15 | |
| 091 | @a15034.2420 | |
| 100 | @a19950726d1983 em y0chiy0121 ea | |
| 101 | 1 | @achi@cjpn |
| 102 | @aCN@b110000 | |
| 105 | @ay z 000yy | |
| 200 | 10 | @a超大规模集成电路工艺技术@Achao da gui mo ji cheng dian lu gong yi ji shu@f(日)西泽润一编@F(ri)xi ze run yi bian@g秦勋,韩伟清译 |
| 210 | @a北京@c国防工业出版社@d1983 | |
| 215 | @a372页@d25cm | |
| 606 | @a超大规模集成电路@x技术 | |
| 690 | @aTN47@v3 | |
| 701 | 0 | @a西泽润一@Axi ze run yi@4编 |
| 702 | 0 | @a韩伟清@Ahan wei qing@4译 |
| 702 | 0 | @a秦勋@Aqin xun@4译 |
| 801 | 2 | @aCN@bNLC@c20060104 |
| 801 | 0 | @aCN@b上海图书馆@c20040519 |
| 905 | @f1@b88973@dTN47@e25 | |
| 超大规模集成电路工艺技术/(日)西泽润一编/秦勋,韩伟清译.-北京:国防工业出版社,1983 |
| 372页;25cm |
| ISBN :CNY2.15 |
| ● |
| 相关链接 |
|
|
|
|
正题名:超大规模集成电路工艺技术
索取号:TN47/25
 
预约/预借
| 序号 | 登录号 | 条形码 | 馆藏地/架位号 | 状态 | 备注 |
| 1 | 0088973 | 001352976 | 第三借阅区/ [索取号:TN47/25] | 在馆 | |
| 2 | 0088974 | 202184929 | 密集书库/ [索取号:TN47/25] | 在馆 | |
| 3 | 0088975 | 001353010 | 第二样本阅览室/ [索取号:TN47/25] | 在馆 |